000 00748nam a22002177a 4500
005 20251108164903.0
008 250721s1988 xx 000 0 ara d
082 1 4 _a962.02/محم
100 1 _aعلوبه، محمد علي
245 1 0 _aذكريات إجتماعية و سياسية /
264 1 _aالقاهرة :
_bالهيئة المصرية العامة للكتاب،
_c1988.
300 _a327ص
650 1 7 _aتاريخ مصر
650 1 7 _aالتاريخ السياسي
650 1 7 _aالثورات
700 1 _aحمدي، أحمد نجيب أحمد
_eتحقيق
700 1 _aمهنا، جمال الدين أمين
_eتحقيق
700 1 _aمرزوق، ناهد مصطفى
_eتحقيق
942 _2ddc
_cBK
999 _c16719
_d16719